The provision of affordable housing on sheltered housing developments (Record no. 72244)
[ view plain ]
| 000 -LEADER | |
|---|---|
| fixed length control field | 02255cam a2200265 4500 |
| 001 - CONTROL NUMBER | |
| control field | ABS66465 |
| 008 - FIXED-LENGTH DATA ELEMENTS--GENERAL INFORMATION | |
| fixed length control field | 030306n2003 000 0 eng u |
| 035 ## - SYSTEM CONTROL NUMBER | |
| System control number | (Sirsi) u121545 |
| 100 ## - MAIN ENTRY--PERSONAL NAME | |
| Personal name | Fynn, L. |
| 245 #4 - TITLE STATEMENT | |
| Title | The provision of affordable housing on sheltered housing developments |
| 260 ## - PUBLICATION, DISTRIBUTION, ETC. | |
| Date of publication, distribution, etc. | 2003 |
| 490 ## - SERIES STATEMENT | |
| Series statement | Journal of Planning and Environment Law |
| Volume/sequential designation | February 2003,141-147(7) |
| 520 ## - SUMMARY, ETC. | |
| Summary, etc. | Examines the lack of precise criteria for ascertaining the amount of affordable housing to be provided as imposed on land developers by the planning process, focusing in particular on affordable housing provided as part of sheltered housing for the elderly. Presents a critical study of the planning and legal basis for affordable housing with reference to PPG3, Circulars 13/96 and 6/98 and emphasises that local authorities must translate the above national planning guidance into their development plans if they are to negotiate affordable housing successfully. Analyses in detail the planning appeal decision "McCarthy and Stone (Developments) Ltd v Poole BC" (QBD [2001] JPL 499)where the developer's (M) claim that a site designed to hold 64 sheltered housing apartments was not substantial and not suitable for affordable housing was dismissed. Concludes that there are now sufficient precedents to justify councils seeking to negotiate an element of affordable housing in sheltered housing schemes on suitable sites. New Draft Circulars on both planning obligations and affordable housing should be published in 2003 and the conditions for the provision of affordable housing on sheltered housing and other developments will certainly be affected. Planning appeal decisions can be obtained from Compass t +44 (0)1452 835820. Selective decisions may be viewed at www.dcservices.co.uk. |
| 590 ## - LOCAL NOTE (RLIN) | |
| Local note | ABS |
| 650 ## - SUBJECT ADDED ENTRY--TOPICAL TERM | |
| Topical term or geographic name entry element | SHELTERED HOUSING |
| 650 ## - SUBJECT ADDED ENTRY--TOPICAL TERM | |
| Topical term or geographic name entry element | DOE CIRCULAR 06/1998 |
| 650 ## - SUBJECT ADDED ENTRY--TOPICAL TERM | |
| Topical term or geographic name entry element | DOE CIRCULAR 13/1996 |
| 650 ## - SUBJECT ADDED ENTRY--TOPICAL TERM | |
| Topical term or geographic name entry element | PPG3 |
| 650 ## - SUBJECT ADDED ENTRY--TOPICAL TERM | |
| Topical term or geographic name entry element | MCCARTHY AND STONE (DEVELOPMENTS) LTD v POOLE BC |
| 650 ## - SUBJECT ADDED ENTRY--TOPICAL TERM | |
| Topical term or geographic name entry element | PLANNING OBLIGATIONS |
| 690 ## - LOCAL SUBJECT ADDED ENTRY--TOPICAL TERM (OCLC, RLIN) | |
| Topical term or geographic name as entry element | ENVIRONMENTAL AND LAND CONSULTANCY-PLANNING AND DEVELOPMENT |
| 700 ## - ADDED ENTRY--PERSONAL NAME | |
| Personal name | Auchincloss, M. |
| 856 ## - ELECTRONIC LOCATION AND ACCESS | |
| Uniform Resource Identifier | <a href="https://www.dcservices.co.uk">https://www.dcservices.co.uk</a> |
| Public note | View the Development Control Services website... |
| 942 ## - ADDED ENTRY ELEMENTS (KOHA) | |
| Suppress in OPAC | 0 |
| Withdrawn status | Lost status | Source of classification or shelving scheme | Damaged status | Not for loan | Home library | Current library | Shelving location | Date acquired | Total Checkouts | Full call number | Barcode | Date last seen | Copy number | Price effective from | Koha item type |
|---|---|---|---|---|---|---|---|---|---|---|---|---|---|---|---|
| Dewey Decimal Classification | London | London | Journal article | 06/03/2003 | ABS66465 | 121545-1001 | 06/08/2019 | 1 | 06/08/2019 | Journal article |